| 000 | 00452cam a2200193 4500 | ||
|---|---|---|---|
| 001 | D16409 | ||
| 008 | 090401t1942 xxu||||| |||| 00| 0 eng d | ||
| 035 | _a(Sirsi) u29197 | ||
| 041 | _aeng | ||
| 050 | _a634.9285 | ||
| 100 | _aDavey, Reginald | ||
| 245 | _aMeasurement of trees. Woodland supplement | ||
| 260 |
_aNutley _bForest Press _c1942 |
||
| 300 | _a12p ; 19cm | ||
| 350 | _a0 | ||
| 520 | _aShelf 114 | ||
| 942 | _n0 | ||
| 948 | _c04/03/1997 | ||
| 999 |
_c89404 _d89404 |
||